Normal view
MARC view
Entry Topical Term
001 - CONTROL NUMBER
- control field: 17491
003 - CONTROL NUMBER IDENTIFIER
- control field: ARRUPE
005 - DATE AND TIME OF LATEST TRANSACTION
- control field: 20150422145344.0
008 - FIXED-LENGTH DATA ELEMENTS
- fixed length control field: 150422|| aca||aabn | a|a d
040 ## - CATALOGING SOURCE
- Original cataloging agency: ARRUPE
- Transcribing agency: ARRUPE
150 ## - HEADING--TOPICAL TERM
- Topical term or geographic name as entry element: Manual theology
670 ## - SOURCE DATA FOUND
- Source citation: Work cat.: (ARRUPE): Ratnasekera, J.L. 17489, The Theravada bhuddhist understanding of ethics : a critical appraisal of of the eight-fold path of moral perfection , 2006